1576 1417 1864 1180 1877 1436 1147 1611 1944 1350 1845 1091 1158 1602 1878 1542 1143 1667 1071 1658 1839 1400 1430 1301 1244 1875 1911 1552 1716 1680 1412 1046 1179 1562 1561 1198 1313 1386 1611 1116 1338 1944 1957 1317 1648 1266 1218 1616 1026 1648 1397 1987 1445 1454 1059 1910 1561 1646 1348 1191 1960 1056 1770 1575 1850 1383 1068 1959 1742 1569 1983 1198 1332 1062 1807 1677 1711 1945 1405 1276 1743 1503 1029 1324 1874 1573 1371 1400 1616 1383 1716 1189 1793 1907 1653 1453 1842 1206 1417 BCNSPRNW ULIB Ver.6.0+V

เปลี่ยนเป็นภาษาไทย

Change to English
 แสดงรายละเอียดบรรณานุกรม
  กลับหน้าหลัก

Brief Record : Get Marc (ISO 2709) : E-mail record : QR code < ปิดหน้าต่าง
LEADER : 00000nam 2200000uu 4500
001    13399121444
003     ULIB
008    110608s2546 th 000 0 tha d
020    ^a9789749167298
090    ^aรส.^bอ647บ 2546
100 0  ^aอารมณ์ พงศ์พงัน
245 10 ^aบ้านเกิดและงานคัดสรร /^cอารมณ์ พงศ์พงัน
250    ^aพิมพ์ครั้งที่ 1
260    ^aกรุงเทพฯ :^bมูลนิธิสถาบันวิชาการ 14 ตุลา,^c2546
300    ^a145 หน้า ;^c21 ซม.
490 0  ^aหนังสือชุด''ตุลาวรรณกรรม''
500    ^aฉลองครบรอบ 30 ปี 14 ตุลา : 2516-2546 ร่วมวาระประวัติศาสตร์''''วัน 14 ตุลา ประชาธิปไตย''''
600 04 ^aอารมณ์ พงศ์พงัน,^d2489-2523^xผลงาน
650  4 ^aกวีนิพนธ์^zไทย
650  4 ^aความเรียง^xรวมเรื่อง
650  4 ^aจดหมาย
650  4 ^aเรื่องสั้น^zไทย
710 2  ^aมูลนิธิสถาบันวิชาการ 14 ตุลา
945    ^p0^l0^i14351
995    ^aกัณชพร
999    ^aกัณชพร
รายการนี้ยังไม่มีแท็ก
คุณยังไม่ได้ล็อกอิน คุณสามารถมีกิจกรรมร่วมกับเว็บไซต์ได้ แต่ต้องล็อกอินก่อน ::
  ล็อกอิน

รายการสื่อสารสนเทศ

ลำดับที่ ประเภท เลขเรียก/บาร์โค้ด สถานที่ สถานะ
1. นวนิยาย
นวนิยาย
รส. อ647บ 2546  
  Barcode: 14351
ห้องสมุดวิทยาเขตสวรรค์ประชารักษ์
►นวนิยาย
บนชั้น
  ขอยืม

รายการใกล้เคียง
    หัวเรื่อง [จดหมาย]

BibComment


ยังไม่เคยถูกคอมเมนท์

คอมเมนท์ทรัพยากรรายการนี้
  คอมเมนท์: บ้านเกิดและงานคั..


 Copyright 2026. Bcnsprnw @Library